Ecological census techniques : (Record no. 218)

MARC details
000 -LEADER
fixed length control field 01138nam a22002777a 4500
001 - CONTROL NUMBER
control field 1144175
005 - DATE AND TIME OF LATEST TRANSACTION
control field 20230227141128.0
008 - FIXED-LENGTH DATA ELEMENTS--GENERAL INFORMATION
fixed length control field 230227b |||||||| |||| 00| 0 eng d
010 ## - LIBRARY OF CONGRESS CONTROL NUMBER
LC control number 95031985
020 ## - INTERNATIONAL STANDARD BOOK NUMBER
International Standard Book Number 052147244X (hb)
020 ## - INTERNATIONAL STANDARD BOOK NUMBER
International Standard Book Number 0521478154 (pb)
040 ## - CATALOGING SOURCE
Original cataloging agency DLC
Transcribing agency KMU
Modifying agency DLC
050 00 - LIBRARY OF CONGRESS CALL NUMBER
Classification number QH541.15.S95
Item number E26 1996
245 00 - TITLE STATEMENT
Title Ecological census techniques :
Remainder of title a handbook /
Statement of responsibility, etc. edited by William J. Sutherland.
260 ## - PUBLICATION, DISTRIBUTION, ETC.
Place of publication, distribution, etc. Cambridge ;
-- New York :
Name of publisher, distributor, etc. Cambridge University Press,
Date of publication, distribution, etc. 1996.
300 ## - PHYSICAL DESCRIPTION
Extent xv, 336 p. :
Other physical details ill. ;
Dimensions 25 cm.
504 ## - BIBLIOGRAPHY, ETC. NOTE
Bibliography, etc. note Includes bibliographical references and index.
650 #0 - SUBJECT ADDED ENTRY--TOPICAL TERM
Topical term or geographic name entry element Ecological survey
General subdivision Methodology.
700 1# - ADDED ENTRY--PERSONAL NAME
Personal name Sutherland, William J.
856 41 - ELECTRONIC LOCATION AND ACCESS
Materials specified Sample text
Uniform Resource Identifier <a href="http://www.loc.gov/catdir/samples/cam034/95031985.html">http://www.loc.gov/catdir/samples/cam034/95031985.html</a>
856 42 - ELECTRONIC LOCATION AND ACCESS
Materials specified Publisher description
Uniform Resource Identifier <a href="http://www.loc.gov/catdir/description/cam027/95031985.html">http://www.loc.gov/catdir/description/cam027/95031985.html</a>
856 41 - ELECTRONIC LOCATION AND ACCESS
Materials specified Table of contents
Uniform Resource Identifier <a href="http://www.loc.gov/catdir/toc/cam025/95031985.html">http://www.loc.gov/catdir/toc/cam025/95031985.html</a>
906 ## - LOCAL DATA ELEMENT F, LDF (RLIN)
a 7
b cbc
c orignew
d 1
e ocip
f 19
g y-gencatlg
942 ## - ADDED ENTRY ELEMENTS (KOHA)
Source of classification or shelving scheme Library of Congress Classification
Koha item type Non-Fiction
Suppress in OPAC No
Holdings
Withdrawn status Lost status Source of classification or shelving scheme Damaged status Not for loan Collection Home library Current library Shelving location Date acquired Source of acquisition Total Checkouts Full call number Barcode Date last seen Date last checked out Price effective from Koha item type
    Library of Congress Classification     Non-fiction Kapasa Makasa University Kapasa Makasa University Open Access 27.02.2023 Book Aid 1 QH 541.15.S95 Eco 1996 734157 02.03.2023 27.02.2023 27.02.2023 Non-Fiction
    Library of Congress Classification     Non-fiction Kapasa Makasa University Kapasa Makasa University Open Access 13.05.2024 CBU   QH 541.15.S95 Eco 734599 13.05.2024   13.05.2024 Non-Fiction